Straight-A study skills : (Record no. 156618)

MARC details
000 -LEADER
fixed length control field 01266cam a2200313 i 4500
001 - CONTROL NUMBER
control field vtls003257615
003 - CONTROL NUMBER IDENTIFIER
control field MY-SjTCS
005 - DATE AND TIME OF LATEST TRANSACTION
control field 20200226115944.0
008 - FIXED-LENGTH DATA ELEMENTS--GENERAL INFORMATION
fixed length control field 140925t20132011mau 001 0 eng d
020 ## - INTERNATIONAL STANDARD BOOK NUMBER
International Standard Book Number 9781440552465 (paperback)
020 ## - INTERNATIONAL STANDARD BOOK NUMBER
International Standard Book Number 1440552460 (paperback)
039 #9 - LEVEL OF BIBLIOGRAPHIC CONTROL AND CODING DETAIL [OBSOLETE]
Level of rules in bibliographic description 201809071356
Level of effort used to assign nonsubject heading access points VLOAD
Level of effort used to assign subject headings 201410170907
Level of effort used to assign classification pushpa
-- 201409251631
-- malathy
040 ## - CATALOGING SOURCE
Description conventions rda
082 04 - DEWEY DECIMAL CLASSIFICATION NUMBER
Classification number 371.30281
Item number MUC 2013
100 1# - MAIN ENTRY--PERSONAL NAME
Personal name Muchnick, Cynthia Clumeck.
9 (RLIN) 70138
245 10 - TITLE STATEMENT
Title Straight-A study skills :
Remainder of title more than 200 essential strategies to ace your exams, boost your grades, and achieve lasting academic success /
Statement of responsibility, etc. Cynthia Clumeck Muchnick, and Justin Ross Muchnick.
264 #1 - PRODUCTION, PUBLICATION, DISTRIBUTION, MANUFACTURE, AND COPYRIGHT NOTICE
Place of production, publication, distribution, manufacture Avon, Massachusetts :
Name of producer, publisher, distributor, manufacturer Adams Media,
Date of production, publication, distribution, manufacture, or copyright notice [2013]
264 #4 - PRODUCTION, PUBLICATION, DISTRIBUTION, MANUFACTURE, AND COPYRIGHT NOTICE
Date of production, publication, distribution, manufacture, or copyright notice ©2013
300 ## - PHYSICAL DESCRIPTION
Extent 255 p. ;
Dimensions 19 cm.
336 ## - CONTENT TYPE
Content type term text
Source rdacontent
337 ## - MEDIA TYPE
Media type term unmediated
Source rdamedia
338 ## - CARRIER TYPE
Carrier type term volume
Source rdacarrier
500 ## - GENERAL NOTE
General note Includes index.
500 ## - GENERAL NOTE
General note "Contains material adapted and abridged from The everything guide to study skills, by Cynthia Clumeck Muchnick, ©2011 by F+W Media, Inc."--T.p. verso.
650 #0 - SUBJECT ADDED ENTRY--TOPICAL TERM
Topical term or geographic name entry element Study skills.
700 1# - ADDED ENTRY--PERSONAL NAME
Personal name Muchnick, Justin Ross.
9 (RLIN) 71472
700 1# - ADDED ENTRY--PERSONAL NAME
Personal name Muchnick, Cynthia Clumeck.
Title of a work Everything guide to study skills.
920 ## - Programme
Programme EDU : 213674
Holdings
Withdrawn status Lost status Source of classification or shelving scheme Damaged status Not for loan Home library Current library Date acquired Cost, normal purchase price Total Checkouts Barcode Date last seen Date last checked out Copy number Uniform Resource Identifier Cost, replacement price Koha item type Public note
    Dewey Decimal Classification     Taylor's Library-TU Taylor's Library-TU 07/10/2014 59.50 5 5000161403 05/12/2019 27/03/2017 1 Floor 4, Shelf 11 , Side 2, TierNo 1, BayNo 1 59.50 Main Collection SOEDx,39000,02,CL